[Event "CHN-chT"]
[Site "Hebei"]
[Date "2025.05.01"]
[Round "7.9"]
[White "Yu, Shaoteng"]
[Black "Xu, Yi"]
[Result "1/2-1/2"]
[WhiteElo "2480"]
[BlackElo "2480"]
[PlyCount "61"]
[EventDate "2025.04.25"]
[EventType "team-swiss"]
[EventRounds "9"]
[EventCountry "CHN"]
[SourceTitle "CB20_2025"]
[SourceDate "2025.05.14"]
[SourceVersion "1"]
[SourceVersionDate "2025.05.14"]
[SourceQuality "1"]
[WhiteTeam "Shenzhen"]
[BlackTeam "Shanghai"]
[WhiteTeamCountry "CHN"]
[BlackTeamCountry "CHN"]

1. e4 e5 2. Nf3 Nf6 3. Nxe5 d6 4. Nf3 Nxe4 5. d4 d5 6. Bd3 Bf5 7. 0-0 Be7 8. Re1 0-0 9. c4 Nc6 10. cxd5 Qxd5 11. Bxe4 Bxe4 12. Nc3 Bxf3 13. Nxd5 Bxd1 14. Nxe7+ Nxe7 15. Rxe7 Rfe8 16. Rxe8+ Rxe8 17. Be3 Bg4 18. d5 Re5 19. Rc1 Rxd5 20. f3 Be6 21. Rxc7 Rb5 22. b3 a5 23. Rc5 Rxc5 24. Bxc5 a4 25. bxa4 Bxa2 26. Kf2 f6 27. Ke3 Bb3 28. a5 Bc4 29. Kd4 Bf1 30. g3 Kf7 31. Ke4 1/2-1/2

[Event "CHN-chT"]
[Site "Qingdao"]
[Date "2024.04.06"]
[Round "5.2"]
[White "Ma, Zhonghan"]
[Black "Yu, Shaoteng"]
[Result "1/2-1/2"]
[WhiteElo "2469"]
[BlackElo "2481"]
[PlyCount "54"]
[EventDate "2024.04.02"]
[EventType "team-swiss"]
[EventRounds "9"]
[EventCountry "CHN"]
[SourceTitle "CBM 219 Extra"]
[Source "ChessBase"]
[SourceDate "2024.05.31"]
[SourceVersion "1"]
[SourceVersionDate "2024.05.31"]
[SourceQuality "1"]
[WhiteTeam "Qingdao"]
[BlackTeam "Shenzhen"]
[WhiteTeamCountry "CHN"]
[BlackTeamCountry "CHN"]

1. Nf3 e6 2. c4 Nf6 3. g3 d5 4. Bg2 dxc4 5. Qa4+ Bd7 6. Qxc4 c5 7. Ne5 Qc8 8. Nc3 Nc6 9. Nxd7 Qxd7 10. 0-0 Rc8 11. d3 Be7 12. a4 b6 13. Rd1 0-0 14. Bd2 Rfd8 15. Be1 Nd5 16. Na2 Nd4 17. Kf1 a6 18. Rab1 b5 19. axb5 axb5 20. Qc1 Nb3 21. Qc2 Nd4 22. Qc1 Nb3 23. Qc2 Nd4 24. Qc1 Nb3 25. Qc2 Nd4 26. Qc1 Nb3 27. Qc2 Nd4 1/2-1/2

[Event "CHN-chT"]
[Site "Qingdao"]
[Date "2024.04.02"]
[Round "1.1"]
[White "Yu, Shaoteng"]
[Black "Yang, Siyuan"]
[Result "1-0"]
[WhiteElo "2481"]
[BlackElo "1959"]
[PlyCount "87"]
[EventDate "2024.04.02"]
[EventType "team-swiss"]
[EventRounds "9"]
[EventCountry "CHN"]
[SourceTitle "CBM 219 Extra"]
[Source "ChessBase"]
[SourceDate "2024.05.31"]
[SourceVersion "1"]
[SourceVersionDate "2024.05.31"]
[SourceQuality "1"]
[WhiteTeam "Shenzhen"]
[BlackTeam "Anhui"]
[WhiteTeamCountry "CHN"]
[BlackTeamCountry "CHN"]

1. e4 c5 2. Nf3 d6 3. Bb5+ Bd7 4. Bxd7+ Qxd7 5. 0-0 Nc6 6. Re1 Nf6 7. c3 e6 8. d4 cxd4 9. cxd4 d5 10. e5 Ne4 11. a3 Be7 12. Qd3 0-0 13. Nbd2 Nxd2 14. Bxd2 Rfc8 15. h4 Qd8 16. Ng5 Bxg5 17. hxg5 Qb6 18. Bc3 Ne7 19. g3 Ng6 20. Kg2 a5 21. Rh1 Qd8 22. Rh5 Nf8 23. Bd2 Qc7 24. Rc1 Qb6 25. Bc3 Qb3 26. Rch1 g6 27. R5h4 Rc4 28. g4 Rac8 29. Qh3 Rxc3 30. bxc3 Rxc3 31. Qh2 Qc2 32. Qf4 Rxa3 33. Rc1 Qe4+ 34. Qxe4 dxe4 35. Rh3 Ra4 36. Rb3 Rxd4 37. Rxb7 e3 38. Kf3 exf2 39. Kxf2 Rxg4 40. Rc8 Rxg5 41. Rbb8 Rxe5 42. Rxf8+ Kg7 43. Rg8+ Kf6 44. Rb3 1-0

[Event "CHN-chTB"]
[Site "Harbin"]
[Date "2019.07.23"]
[Round "6.1"]
[White "Sjugirov, Sanan"]
[Black "Yu, Shaoteng"]
[Result "1/2-1/2"]
[WhiteElo "2667"]
[BlackElo "2462"]
[PlyCount "62"]
[EventDate "2019.07.20"]
[EventType "team-swiss"]
[EventRounds "11"]
[EventCountry "CHN"]
[SourceTitle "CBM 191 Extra"]
[Source "ChessBase"]
[SourceDate "2019.09.30"]
[SourceVersion "1"]
[SourceVersionDate "2019.09.30"]
[SourceQuality "1"]
[WhiteTeam "Qingdao Chengyang"]
[BlackTeam "Shenzhen Ticai"]
[WhiteTeamCountry "CHN"]
[BlackTeamCountry "CHN"]

1. e4 e6 2. d4 d5 3. e5 c5 4. c3 Nc6 5. Nf3 Qb6 6. a3 Bd7 7. b4 cxd4 8. cxd4 Rc8 9. Bb2 Nge7 10. Nc3 Na5 11. Na4 Qc6 12. Nc5 Nc4 13. Bc1 b6 14. Nxd7 Qxd7 15. Bd3 b5 16. h4 Nc6 17. 0-0 Be7 18. h5 Bd8 19. Bc2 Bb6 20. Rb1 a6 21. Rb3 Qa7 22. Rd3 f5 23. g3 Qf7 24. Ng5 Qe7 25. Kg2 Nb2 26. Bxb2 Qxg5 27. Rh1 Qe7 28. Bb1 Kd8 29. Qe2 Kc7 30. Rhd1 Kb8 31. Qe3 Qa7 1/2-1/2

[Event "CHN Team"]
[Site "Beijing"]
[Date "2017.06.13"]
[Round "8.3"]
[White "Gao, Rui"]
[Black "Yu, Shaoteng"]
[Result "1-0"]
[WhiteElo "2543"]
[BlackElo "2479"]
[PlyCount "67"]
[EventDate "2017.06.06"]
[EventType "team-swiss"]
[EventRounds "9"]
[EventCountry "CHN"]
[SourceTitle "CBM 178 Extra"]
[Source "ChessBase"]
[SourceDate "2017.06.22"]
[SourceVersion "1"]
[SourceVersionDate "2017.06.22"]
[SourceQuality "1"]
[WhiteTeam "Hangzhou"]
[BlackTeam "Guangdong"]
[WhiteTeamCountry "CHN"]
[BlackTeamCountry "CHN"]

1. e4 e6 2. d4 d5 3. Nc3 Nf6 4. e5 Nfd7 5. Nf3 c5 6. dxc5 Nc6 7. Bf4 Nxc5 8. a3 a6 9. b4 Nd7 10. Bd3 f6 11. exf6 Qxf6 12. Qd2 Nxb4 13. 0-0 Nxd3 14. cxd3 Bc5 15. d4 Ba7 16. Bd6 Nb6 17. Qe2 Qd8 18. Bb4 Nc4 19. Ne5 Nxe5 20. Qxe5 Kf7 21. Qf4+ Kg8 22. Rae1 Bb8 23. Qg4 a5 24. Bc5 b6 25. Rxe6 bxc5 26. Rfe1 Qf8 27. Nxd5 Ra6 28. Nf6+ Kf7 29. Nd7 Bxd7 30. Re7+ Kf6 31. Qxd7 Qc8 32. R1e6+ Rxe6 33. Rxe6+ Kg5 34. Qd5+ 1-0

[Event "CHN-chT"]
[Site "China"]
[Date "2013.12.24"]
[Round "22.1"]
[White "Yu, Shaoteng"]
[Black "Chu, Wei Chao"]
[Result "1-0"]
[WhiteElo "2499"]
[BlackElo "2257"]
[PlyCount "99"]
[EventDate "2013.04.30"]
[EventType "team-tourn"]
[EventRounds "22"]
[EventCountry "CHN"]
[SourceTitle "EXT 2015"]
[Source "ChessBase"]
[SourceDate "2014.11.20"]
[SourceVersion "1"]
[SourceVersionDate "2014.11.20"]
[SourceQuality "1"]
[WhiteTeam "Guangdong"]
[BlackTeam "Hubei"]
[WhiteTeamCountry "CHN"]
[BlackTeamCountry "CHN"]

1. e4 c5 2. Nf3 d6 3. Bb5+ Bd7 4. c4 Nc6 5. d4 a6 6. Bxc6 Bxc6 7. Nc3 cxd4 8. Nxd4 e5 9. Nxc6 bxc6 10. 0-0 Be7 11. Qa4 Qd7 12. c5 dxc5 13. Rd1 Qb7 14. Nd5 Bd8 15. Be3 Qb5 16. Nc3 Qxa4 17. Nxa4 Nf6 18. f3 Be7 19. Nxc5 Bxc5 20. Bxc5 Nd7 21. Rac1 Rc8 22. Rd6 Nxc5 23. Rxc5 Ke7 24. Rdxc6 Rxc6 25. Rxc6 Rd8 26. Rc2 g6 27. Kf2 f5 28. Ke3 Rd6 29. Rc7+ Ke6 30. Rxh7 fxe4 31. fxe4 Rc6 32. Rg7 Rc2 33. Rxg6+ Kf7 34. Rxa6 Rxg2 35. b4 Rb2 36. a3 Rb3+ 37. Kd2 Ke7 38. h4 Rh3 39. b5 Kd7 40. a4 Rxh4 41. Kd3 Rh1 42. Kc4 Rd1 43. Kc5 Rd4 44. Ra7+ Kc8 45. a5 Rxe4 46. a6 Kb8 47. Rb7+ Ka8 48. Re7 Rh4 49. b6 Rh8 50. Kb5 1-0

[Event "CHN-chT"]
[Site "China"]
[Date "2013.11.14"]
[Round "18.1"]
[White "Yu, Shaoteng"]
[Black "Yu, Lie"]
[Result "1-0"]
[WhiteElo "2499"]
[BlackElo "2372"]
[PlyCount "79"]
[EventDate "2013.04.30"]
[EventType "team-tourn"]
[EventRounds "22"]
[EventCountry "CHN"]
[SourceTitle "EXT 2015"]
[Source "ChessBase"]
[SourceDate "2014.11.20"]
[SourceVersion "1"]
[SourceVersionDate "2014.11.20"]
[SourceQuality "1"]
[WhiteTeam "Guangdong"]
[BlackTeam "Zhejiang"]
[WhiteTeamCountry "CHN"]
[BlackTeamCountry "CHN"]

1. e4 c6 2. Nc3 d5 3. Nf3 dxe4 4. Nxe4 Nd7 5. Bc4 e6 6. Qe2 Be7 7. d4 Ngf6 8. Neg5 Nd5 9. 0-0 h6 10. Ne4 Qc7 11. Bb3 b6 12. c4 Ba6 13. Re1 0-0 14. Bc2 Rfe8 15. b3 Bb4 16. Ned2 Bc3 17. Qd3 g6 18. Rb1 e5 19. a3 exd4 20. Rxe8+ Rxe8 21. Ne4 f5 22. Ng3 Ne5 23. Nxe5 Qxe5 24. Bxh6 Kh7 25. Bg5 Nf4 26. Qf3 Bd2 27. h4 Ne2+ 28. Nxe2 Qxe2 29. Qxe2 Rxe2 30. Kf1 Bxg5 31. Kxe2 Bf6 32. h5 gxh5 33. Bxf5+ Kh6 34. Kd3 Kg5 35. Bh3 c5 36. Re1 Bb7 37. Re8 Kf4 38. g3+ Kg5 39. Rg8+ Kh6 40. Bf5 1-0

[Event "CHN-chT"]
[Site "China"]
[Date "2013.04.30"]
[Round "1.1"]
[White "Ma, Zhonghan"]
[Black "Yu, Shaoteng"]
[Result "0-1"]
[WhiteElo "2372"]
[BlackElo "2496"]
[PlyCount "110"]
[EventDate "2013.04.30"]
[EventType "team-tourn"]
[EventRounds "22"]
[EventCountry "CHN"]
[SourceTitle "CBM 154 Extra"]
[Source "ChessBase"]
[SourceDate "2013.06.25"]
[SourceVersion "2"]
[SourceVersionDate "2013.06.25"]
[SourceQuality "1"]
[WhiteTeam "Qingdao"]
[BlackTeam "Guangdong"]
[WhiteTeamCountry "CHN"]
[BlackTeamCountry "CHN"]

1. d4 e6 2. c4 Nf6 3. Nf3 b6 4. g3 Bb4+ 5. Bd2 Bxd2+ 6. Qxd2 Bb7 7. Bg2 0-0 8. 0-0 d6 9. Nc3 Ne4 10. Nxe4 Bxe4 11. Qe3 Bb7 12. Qd3 f5 13. Ne1 Bxg2 14. Nxg2 Nd7 15. Rad1 Qe7 16. e4 fxe4 17. Qxe4 e5 18. dxe5 Nxe5 19. f4 Ng6 20. Qd5+ Kh8 21. Rfe1 Qd7 22. Ne3 Ne7 23. Qd3 Rae8 24. b4 Qc6 25. a3 Qf3 26. Rf1 Qa8 27. Rde1 a5 28. b5 Qd8 29. f5 Ng8 30. Nd5 Rxe1 31. Rxe1 Nh6 32. f6 gxf6 33. Re7 Rf7 34. Qc3 Qf8 35. Rxf7 Qxf7 36. Nxf6 Qg7 37. Qf3 Ng8 38. Nd5 Qd4+ 39. Qf2 Qg7 40. Kg2 h6 41. a4 Qe5 42. Qf4 Qe2+ 43. Kh3 Qh5+ 44. Kg2 Qe2+ 45. Kh3 Qh5+ 46. Qh4 Qd1 47. Qe4 Qf1+ 48. Kh4 Qf2 49. Kh3 Qf1+ 50. Kh4 Qf2 51. h3 Qf7 52. Qd4+ Kh7 53. Qf4 Qe6 54. Qf3 Ne7 55. Nf6+ Kg6 0-1

[Event "CHN-chT"]
[Site "Beijing"]
[Date "2012.07.14"]
[Round "10"]
[White "Yu, Yangyi"]
[Black "Yu, Shaoteng"]
[Result "1/2-1/2"]
[WhiteElo "2615"]
[BlackElo "2507"]
[PlyCount "97"]
[EventDate "2012.04.28"]
[EventType "team-tourn"]
[EventRounds "22"]
[EventCountry "CHN"]
[SourceTitle "EXT 2013"]
[Source "ChessBase"]
[SourceDate "2012.11.22"]
[SourceVersion "1"]
[SourceVersionDate "2012.11.22"]
[SourceQuality "1"]
[WhiteTeam "Beijing"]
[BlackTeam "Guangdong"]
[WhiteTeamCountry "CHN"]
[BlackTeamCountry "CHN"]

1. e4 e6 2. d4 d5 3. Nc3 Nf6 4. Bg5 dxe4 5. Nxe4 Nbd7 6. Nf3 h6 7. Nxf6+ Nxf6 8. Be3 Bd6 9. Bd3 0-0 10. Qe2 b6 11. 0-0-0 Bb7 12. Ne5 Nd5 13. f4 Nxe3 14. Qxe3 c5 15. dxc5 Bxc5 16. Qh3 Qe7 17. Rhe1 Rad8 18. g4 Bf2 19. Re2 Qh4 20. Qxh4 Bxh4 21. Be4 Rxd1+ 22. Kxd1 Rd8+ 23. Kc1 Ba6 24. Rd2 Rxd2 25. Kxd2 Bf6 26. b3 Bxe5 27. fxe5 Kf8 28. Ke3 Ke7 29. c4 f6 30. Kd4 Kd7 31. h4 Kc7 32. Bf3 Bc8 33. b4 Bb7 34. Bxb7 Kxb7 35. Ke3 Kc6 36. Ke4 Kd7 37. a3 Kc6 38. Kd4 Kd7 39. Ke4 Kc6 40. Kf4 Kd7 41. Ke3 Kc6 42. Kd4 Kd7 43. exf6 gxf6 44. c5 Kc6 45. cxb6 axb6 46. a4 Kd6 47. Kc4 Kc6 48. Kd4 Kd6 49. Ke4 1/2-1/2

[Event "CHN-chT"]
[Site "Beijing"]
[Date "2012.07.13"]
[Round "9"]
[White "Yu, Shaoteng"]
[Black "Akopian, Vladimir Eduardovic"]
[Result "1/2-1/2"]
[WhiteElo "2507"]
[BlackElo "2684"]
[PlyCount "75"]
[EventDate "2012.04.28"]
[EventType "team-tourn"]
[EventRounds "22"]
[EventCountry "CHN"]
[SourceTitle "EXT 2013"]
[Source "ChessBase"]
[SourceDate "2012.11.22"]
[SourceVersion "1"]
[SourceVersionDate "2012.11.22"]
[SourceQuality "1"]
[WhiteTeam "Guangdong"]
[BlackTeam "Tianjin"]
[WhiteTeamCountry "CHN"]
[BlackTeamCountry "CHN"]

1. e4 e5 2. Nf3 Nc6 3. Bc4 Bc5 4. 0-0 Nf6 5. d4 Bxd4 6. Nxd4 Nxd4 7. f4 d6 8. fxe5 dxe5 9. Bg5 Be6 10. Na3 Qe7 11. c3 Nc6 12. Qf3 Bxc4 13. Nxc4 0-0-0 14. Ne3 Qc5 15. Kh1 Kb8 16. Bxf6 gxf6 17. Nd5 Ne7 18. Nxf6 a5 19. Rad1 Qb5 20. b3 Qc6 21. Nd5 Nxd5 22. exd5 Qg6 23. Qf5 Rhe8 24. c4 Re7 25. Rde1 e4 26. Re3 c6 27. Qf4+ Ka8 28. dxc6 bxc6 29. h3 Rd3 30. Rfe1 Rxe3 31. Qxe3 Qd6 32. Qg5 Kb7 33. Qxa5 e3 34. c5 Qd5 35. Qb4+ Ka7 36. Qa5+ Kb8 37. Qb4+ Ka7 38. Qa5+ 1/2-1/2

[Event "CHN-chT"]
[Site "Beijing"]
[Date "2012.06.29"]
[Round "7"]
[White "Yu, Shaoteng"]
[Black "Yu, Lie"]
[Result "1-0"]
[WhiteElo "2507"]
[BlackElo "2417"]
[PlyCount "123"]
[EventDate "2012.04.28"]
[EventType "team-tourn"]
[EventRounds "22"]
[EventCountry "CHN"]
[SourceTitle "EXT 2013"]
[Source "ChessBase"]
[SourceDate "2012.11.22"]
[SourceVersion "1"]
[SourceVersionDate "2012.11.22"]
[SourceQuality "1"]
[WhiteTeam "Guangdong"]
[BlackTeam "Zhejiang"]
[WhiteTeamCountry "CHN"]
[BlackTeamCountry "CHN"]

1. e4 e5 2. Nf3 Nc6 3. Bb5 Nf6 4. 0-0 Bc5 5. Nxe5 Nxe4 6. Qe2 Nxe5 7. Qxe4 Qe7 8. d4 Nc6 9. Qxe7+ Bxe7 10. c3 a6 11. Ba4 d5 12. Bf4 Kd8 13. Nd2 Be6 14. Rfe1 h6 15. Nf1 b5 16. Bc2 Kd7 17. Ng3 Bg5 18. Ne2 Bxf4 19. Nxf4 Kd6 20. Re3 Rhe8 21. Kf1 g6 22. Rf3 Re7 23. h3 Rae8 24. g4 Rb8 25. Nxe6 Kxe6 26. Bb3 Kd6 27. Rf6+ Re6 28. Rf3 Re7 29. Bc2 Ke6 30. Bb3 Kd6 31. Rf6+ Re6 32. Rxf7 Rbe8 33. Bc2 Na5 34. Rg7 g5 35. Bf5 Rf6 36. a4 b4 37. cxb4 Nc4 38. Rc1 Re7 39. Rxe7 Kxe7 40. b3 Nd2+ 41. Kg2 Kd8 42. Rc5 Rd6 43. Bc2 Ne4 44. Ra5 Nc3 45. Bd3 Na2 46. b5 axb5 47. Ra8+ Kd7 48. Bxb5+ c6 49. Ra7+ Kd8 50. Bf1 Kc8 51. a5 Nc1 52. a6 Kb8 53. Re7 Ka8 54. Re3 Rf6 55. b4 Na2 56. Rb3 Rf4 57. Rb2 Nc3 58. Rc2 Nd1 59. Rxc6 Rxf2+ 60. Kg1 Rb2 61. b5 Ne3 62. b6 1-0

[Event "CHN-chT"]
[Site "Beijing"]
[Date "2012.06.27"]
[Round "5"]
[White "Yu, Shaoteng"]
[Black "Nguyen, Ngoc Truong Son"]
[Result "1/2-1/2"]
[WhiteElo "2507"]
[BlackElo "2662"]
[PlyCount "78"]
[EventDate "2012.04.28"]
[EventType "team-tourn"]
[EventRounds "22"]
[EventCountry "CHN"]
[SourceTitle "EXT 2013"]
[Source "ChessBase"]
[SourceDate "2012.11.22"]
[SourceVersion "1"]
[SourceVersionDate "2012.11.22"]
[SourceQuality "1"]
[WhiteTeam "Guangdong"]
[BlackTeam "Qingdao"]
[WhiteTeamCountry "CHN"]
[BlackTeamCountry "CHN"]

1. e4 e6 2. d4 d5 3. Nd2 Be7 4. Bd3 c5 5. dxc5 Nf6 6. Qe2 0-0 7. Ngf3 a5 8. 0-0 Na6 9. e5 Nd7 10. Nb3 Ndxc5 11. Nxc5 Nxc5 12. c3 Nxd3 13. Qxd3 b6 14. Re1 Ba6 15. Qe3 Bc5 16. Nd4 Qh4 17. Bd2 Rfc8 18. a3 h6 19. Rec1 Qg4 20. f3 Qg6 21. Qf2 Bd3 22. Be3 Qh5 23. Rd1 Bh7 24. f4 Bxd4 25. Bxd4 b5 26. h3 Rab8 27. b4 Ra8 28. Kh2 Qg6 29. Bc5 Qc2 30. Qxc2 Bxc2 31. Re1 Rc6 32. Rac1 Bg6 33. Re2 axb4 34. axb4 Rca6 35. Rd2 Ra2 36. Rxa2 Rxa2 37. Rf1 Bd3 38. Rf2 Rxf2 39. Bxf2 Kh7 1/2-1/2

[Event "CHN-chT 6th"]
[Site "China"]
[Date "2010.11.04"]
[Round "18"]
[White "Yu, Shaoteng"]
[Black "Ma, Qun"]
[Result "1/2-1/2"]
[WhiteElo "2529"]
[BlackElo "2369"]
[PlyCount "147"]
[EventDate "2010.04.16"]
[EventType "team-tourn"]
[EventRounds "18"]
[EventCountry "CHN"]
[SourceTitle "EXT 2011"]
[Source "ChessBase"]
[SourceDate "2010.11.26"]
[SourceVersion "1"]
[SourceVersionDate "2010.11.26"]
[SourceQuality "1"]

1. e4 c5 2. Nf3 e6 3. d4 cxd4 4. Nxd4 Nf6 5. Nc3 d6 6. Be3 a6 7. Be2 Qc7 8. Qd2 b5 9. a3 Bb7 10. f3 Nbd7 11. g4 Nb6 12. 0-0-0 Be7 13. Ndxb5 axb5 14. Nxb5 Qc6 15. Nxd6+ Bxd6 16. Qxd6 Qxd6 17. Rxd6 Nbd7 18. g5 Nh5 19. Rhd1 0-0-0 20. R1d3 g6 21. Rc3+ Kb8 22. Bb5 Ne5 23. Bb6 Rxd6 24. Bc7+ Ka7 25. Bxd6 f6 26. gxf6 Nf7 27. Bc5+ Kb8 28. Be7 Nf4 29. Kd2 g5 30. Ke3 Ng6 31. Bd7 Bc8 32. Rxc8+ Rxc8 33. Bxe6 Nge5 34. Bxc8 Kxc8 35. b3 h5 36. a4 h4 37. Bc5 g4 38. fxg4 Nxg4+ 39. Kf4 Nxh2 40. Bg1 Nf1 41. Kg4 Nd2 42. Kxh4 Nf3+ 43. Kh5 Nxg1 44. Kg6 Ne5+ 45. Kg7 Ngf3 46. f7 Nxf7 47. Kxf7 Ng5+ 48. Kf6 Nxe4+ 49. Ke5 Nc5 50. Kd5 Nd7 51. c4 Kc7 52. c5 Nf6+ 53. Kd4 Nh5 54. b4 Nf4 55. b5 Ne6+ 56. Kc4 Nf4 57. a5 Kb7 58. Kd4 Ne6+ 59. Kd5 Nc7+ 60. Kc4 Ne6 61. a6+ Ka7 62. Kd5 Nc7+ 63. Kc6 Ne6 64. Kd5 Nc7+ 65. Kc4 Ne6 66. Kb4 Nd4 67. Ka4 Ne6 68. Kb4 Nd4 69. Kc4 Ne6 70. Kd5 Nc7+ 71. Kc6 Ne6 72. Kd5 Nc7+ 73. Kc4 Ne6 74. Kb4 1/2-1/2

[Event "CHN-chT 6th"]
[Site "China"]
[Date "2010.07.24"]
[Round "7"]
[White "Yu, Shaoteng"]
[Black "Ding, Liren"]
[Result "1/2-1/2"]
[WhiteElo "2529"]
[BlackElo "2565"]
[PlyCount "34"]
[EventDate "2010.04.16"]
[EventType "team-tourn"]
[EventRounds "18"]
[EventCountry "CHN"]
[SourceTitle "EXT 2011"]
[Source "ChessBase"]
[SourceDate "2010.11.26"]
[SourceVersion "1"]
[SourceVersionDate "2010.11.26"]
[SourceQuality "1"]

1. e4 c5 2. Nf3 e6 3. d4 cxd4 4. Nxd4 a6 5. Be2 Nf6 6. Nc3 Bb4 7. Qd3 d6 8. Bd2 0-0 9. a3 Ba5 10. 0-0 Nc6 11. Nb3 Ne5 12. Qe3 Bc7 13. Rad1 d5 14. Qh3 Ng6 15. Qf3 Ne5 16. Qh3 Ng6 17. Qf3 Ne5 1/2-1/2